| 000 | 00422nam a2200181Ia 4500 | ||
|---|---|---|---|
| 003 | 0STCL | ||
| 008 | 150530s9999 xx 000 0 und d | ||
| 040 |
_aSTCL _cSTCL |
||
| 100 | _aVivek Solanki | ||
| 245 | _aVolleyball - Skills and Rules | ||
| 250 | _a1 | ||
| 260 |
_bKHEL Sahitya Kendra; Delhi _c2010 _aDelhi |
||
| 300 | _a336 | ||
| 546 | _aEnglish | ||
| 942 |
_2ddc _cBK |
||
| 999 |
_c44126 _d44126 |
||
| 005 | 20220125170626.0 | ||